| 000 | 00861cam a22002653a 4500 | ||
|---|---|---|---|
| 001 | 20583 | ||
| 003 | PGUSA | ||
| 005 | 20140828083435.0 | ||
| 008 | 070215s2007||||xxu|||||s|||||000 | eng d | ||
| 040 |
_aPGUSA _beng |
||
| 042 | _adc | ||
| 050 | 4 | _aDS | |
| 100 | 1 |
_aRussell, R. V. _q(Robert Vane), _d1873-1915 |
|
| 245 | 1 | 4 |
_aThe Tribes and Castes of the Central Provinces of India, Volume 1 _h[electronic resource] / _cR. V. Russell |
| 260 |
_bProject Gutenberg, _c2007 |
||
| 506 | _aPublic domain in the USA. | ||
| 516 | _aElectronic text | ||
| 653 | _aMadhya Pradesh (India) -- Religion | ||
| 653 | _aMadhya Pradesh (India) -- Scheduled tribes | ||
| 653 | _aEthnology -- India -- Madhya Pradesh | ||
| 653 | _aCaste -- India -- Madhya Pradesh | ||
| 830 | 0 |
_aProject Gutenberg _v20583 |
|
| 856 | 4 | 0 | _uhttp://www.gutenberg.org/ebooks/20583 |
| 942 | _cEB | ||
| 999 |
_c249838 _d249838 |
||